Principles of risk management and insurance / (Record no. 206589)
[ view plain ]
| 000 -LEADER | |
|---|---|
| fixed length control field | 00715nam a2200229Ia 4500 |
| 005 - DATE AND TIME OF LATEST TRANSACTION | |
| control field | 20230831095140.0 |
| 008 - FIXED-LENGTH DATA ELEMENTS--GENERAL INFORMATION | |
| fixed length control field | 210716s2011 xx 000 0 und d |
| 020 ## - INTERNATIONAL STANDARD BOOK NUMBER | |
| International Standard Book Number | 9788131725849 |
| 040 ## - CATALOGING SOURCE | |
| Transcribing agency | AIMIT LIBRARY |
| 041 ## - LANGUAGE CODE | |
| Language code of text/sound track or separate title | eng |
| 082 ## - DEWEY DECIMAL CLASSIFICATION NUMBER | |
| Classification number | 368.08 |
| Edition number | 10 |
| Item number | REJG |
| 100 ## - MAIN ENTRY--PERSONAL NAME | |
| Personal name | Rejda, George E. |
| 9 (RLIN) | 131828 |
| 245 ## - TITLE STATEMENT | |
| Title | Principles of risk management and insurance / |
| Statement of responsibility, etc. | By George E Rejda. |
| 250 ## - EDITION STATEMENT | |
| Edition statement | 10th ed. |
| 260 ## - PUBLICATION, DISTRIBUTION, ETC. | |
| Place of publication, distribution, etc. | New Delhi : |
| Name of publisher, distributor, etc. | Pearson , |
| Date of publication, distribution, etc. | 2011. |
| 300 ## - PHYSICAL DESCRIPTION | |
| Extent | xx,748p. ; |
| Other physical details | PB |
| Dimensions | 25.1 cm |
| 650 ## - SUBJECT ADDED ENTRY--TOPICAL TERM | |
| Topical term or geographic name entry element | Insurance(368) |
| 9 (RLIN) | 131829 |
| 651 ## - SUBJECT ADDED ENTRY--GEOGRAPHIC NAME | |
| Geographic name | Insurance and risk |
| 9 (RLIN) | 131830 |
| 651 ## - SUBJECT ADDED ENTRY--GEOGRAPHIC NAME | |
| Geographic name | Financial operations of insurers |
| 9 (RLIN) | 131831 |
| 651 ## - SUBJECT ADDED ENTRY--GEOGRAPHIC NAME | |
| Geographic name | Buying life insurance |
| 9 (RLIN) | 131832 |
| 942 ## - ADDED ENTRY ELEMENTS (KOHA) | |
| Source of classification or shelving scheme | Dewey Decimal Classification |
| Koha item type | Book |
| Edition | 10th |
| Call number prefix | 368.08 REJG |
| Withdrawn status | Lost status | Source of classification or shelving scheme | Damaged status | Not for loan | Collection code | Home library | Current library | Date acquired | Cost, normal purchase price | Inventory number | Total Checkouts | Full call number | Barcode | Date last seen | Cost, replacement price | Price effective from | Koha item type |
|---|---|---|---|---|---|---|---|---|---|---|---|---|---|---|---|---|---|
| Dewey Decimal Classification | MBA | St Aloysius Institute of Management & Information Technology | St Aloysius Institute of Management & Information Technology | 03/07/2011 | 550.00 | Bill no:42; Bill dt:2011-02-22 | 368.08 REJG | MBA09155 | 05/23/2026 | 412.50 | 07/16/2021 | Book | |||||
| Dewey Decimal Classification | MBA | St Aloysius Institute of Management & Information Technology | St Aloysius Institute of Management & Information Technology | 03/07/2011 | 550.00 | Bill no:42; Bill dt:2011-02-22 | 368.08 REJG | MBA09156 | 05/23/2026 | 412.50 | 07/16/2021 | Book | |||||
| Dewey Decimal Classification | MBA | St Aloysius Institute of Management & Information Technology | St Aloysius Institute of Management & Information Technology | 03/07/2011 | 550.00 | Bill no:42; Bill dt:2011-02-22 | 368.08 REJG | MBA09157 | 05/23/2026 | 412.50 | 07/16/2021 | Book | |||||
| Dewey Decimal Classification | MBA | St Aloysius Institute of Management & Information Technology | St Aloysius Institute of Management & Information Technology | 03/07/2011 | 550.00 | Bill no:42; Bill dt:2011-02-22 | 368.08 REJG | MBA09158 | 05/23/2026 | 412.50 | 07/16/2021 | Book | |||||
| Dewey Decimal Classification | MBA | St Aloysius Institute of Management & Information Technology | St Aloysius Institute of Management & Information Technology | 03/07/2011 | 550.00 | Bill no:42; Bill dt:2011-02-22 | 368.08 REJG | MBA09159 | 05/23/2026 | 412.50 | 07/16/2021 | Book |